| 000 | 00471cab a22001695a 4500 | ||
|---|---|---|---|
| 001 | L140717 | ||
| 008 | 071008e18200808ie 000 0 eng d | ||
| 035 | _a(Sirsi) u140717 | ||
| 041 | 0 | _aeng | |
| 245 | 0 | 1 | _a[Advertisements for auctions] |
| 260 | _c1820 | ||
| 490 |
_aCarrick's Morning Post _v(2406) 8 August 1820, 1(1) |
||
| 520 | _aShows advertisements for auctions of property. | ||
| 651 | 4 |
_aIreland (Republic of) _y |
|
| 690 |
_aAuctioneering _96218 |
||
| 942 | _n0 | ||
| 999 |
_c79325 _d79325 |
||